000
00319nam a2200121Ia 4500
005
20251222143306.0
008
251222s9999||||xx |||||||||||||| ||spa||
020
_a
84-89308-72-1
082
_a
261.835/C76
245
0
_a
La Familia, Corazón de la Civilización del Amor
264
_b
Vida y Espiritualidad
942
_c
LIB
999
_c
15508
_d
15508